000
00276nam a2200085Ia 4500
245
0
_a
A spook's progress : from making war to making peace
100
_a
Spaarwater, Maritz Cape Town, South Africa, 2012
_9
85696
942
_c
BK
008
210817s9999 xx 000 0 und d
999
_c
321582
_d
321581